Old Law, New Tricks Using The Clean Air Act to Curb Climate Change /

Bibliographic Details
Main Author: Schang, Scott
Format: eBook
Language:English
Published: Washington DC: Environmental Law Institute, 2013
Subjects:
Online Access:Acceso restringido

MARC

LEADER 00000nam a22000007a 4500
005 2022091905195.0
007 cr|||| ||||
008 220919s2013 us |||||s|||| 00||0 eng d
020 |a 978-1-5857-14-7 
035 |a 36428 
040 |a vLex 
090 |c 13949  |d 13949 
100 1 |a Schang, Scott 
245 1 0 |a Old Law, New Tricks  |h [Recurso electrn̤ico] :  |b Using The Clean Air Act to Curb Climate Change /  |c Scott Schang 
256 |a Servicio en ln̕ea 
260 |a Washington DC:  |b Environmental Law Institute,  |c 2013 
300 |a 1 recurso electrn̤ico 
500 |a Few if any people think the Clean Air Act is the optimal legislative solution to climate change; but it is a powerful tool that is being used sometimes despite the prevailing political will. To address this reality, this volume calls on the best writing from the most often-cited environmental law journal in the United States, the Environmental Law Reporterʼ, to explain the possibilities and pitfalls in using this regulatory framework to address greenhouse gases (GHGs) and short-lived climate pollutants. This collection does not have a singular perspective or agenda other than to highlight multiple suggestions about ways in which the Act should or should not be used to address climate change. The Environmental Law Institute and editors of Environmental Law Reporterʼ do not endorse any approach outlined in these pages but instead present various ideas to educate and spur public debate and discussion 
506 1 |a Disponible solo en los productos indicados  |d vLex Global  |d vLex Global (Academic Edition, excluding Law Schools)  |d vLex Global (Academic Edition, Law Schools) 
650 0 4 |a Derecho del Medio Ambiente  |z Estados Unidos 
740 0 |a vLex Libros (Servicio en ln̕ea) 
856 4 0 |u https://app.vlex.com/#/sources/36428  |z Acceso restringido 
942 |c BOOK 
999 0 |a Environmental Law